000 00820nam a2200277Ia 4500
003 OSt
005 20221005030254.0
006 a|||||r|||| 00| 0
007 ta
008 221004b |||||||| |||| 00| 0 eng d
020 _a0521794293
_c895
024 _a81713
037 _b2829, 30/03/2005, The Book Seller
_cTextual
040 _aCRL
_cCRL
_beng
041 _2eng
_aeng
082 _aR3xN08x, P3
245 0 _aCambridge companion to Simone de Beauvoir edited by Claudia Card
260 _aCambridge
_bCambridge University Press U. K.
_c2003
300 _a336p.
_ccm.
490 _aCambridge companion to Philosophy
650 _a ETHICS
650 _a PHILOSOPHY
650 _aETHICS
942 _hR3xN08x, P3
_cTEXL
_2cc
999 _c935958
_d935958